000 01242pam a2200349 a 4500
001 90189
003 GBCCL
005 20241126110408.0
008 991222s2000 enk bd 001 0 eng
010 _a 99044001
020 _a0853649952
020 _a0801020743
035 _a(OCoLC)ocm43185799
040 _aDLC
_cDLC
_dYDX
042 _apcc
049 _aLBBQ
_aLBBU
_aLBBN
_aLBB1
050 0 0 _aBV2040
_b.E92 2000
082 0 0 _a266.003
_221
_bEVA
090 _aBV2040
_b.E92 2000
245 0 0 _aEvangelical dictionary of world missions /
_cgeneral editor, A. Scott Moreau ; associate editors, Harold Netland and Charles van Engen ; consulting editors, David Burnett ... [et al.].
260 _a[Carlisle, Cumbria, U.K.] :
_bPaternoster ;
_aGrand Rapids, Mich. :
_bBaker Books,
_cc2000.
300 _a1068 p. ;
_c27 cm.
440 0 _aBaker reference library
_92719
504 _aIncludes bibliographical references and index.
650 0 _aMissions
_xDictionaries.
_93633
650 0 _aMissions
_xTheory
_xDictionaries.
_93634
700 1 _aMoreau, A. Scott,
_d1955-
_93635
700 1 _aNetland, Harold, A.,
_d1955-
_93636
700 1 _aEngen, Charles Edward van.
_93637
700 1 _aBurnett, David,
_d1943-
_93638
942 _2ddc
_cREF
999 _c1757
_d1757